Campeones del Futbol Argentino - Estadísticas

Estadísticas generales
  • Esta prueba ha sido intentada 61 veces
  • La puntuación promedio es 51 de 144
Estadísticas de respuestas
Nombre del torneo Campeones % Correcto
Apertura 2025 Platense
96%
Liga Profesional 2022 Boca Juniors
87%
Superliga 2017/18 Boca Juniors
84%
Liga Profesional 2023 River Plate
84%
Liga Profesional 2024 Vélez Sarsfield
84%
Copa de la Liga 2022 Boca Juniors
82%
Superliga 2019/20 Boca Juniors
82%
Primera División 2016/17 Boca Juniors
82%
Copa de la Liga 2024 Estudiantes de la Plata
82%
Copa de la Liga 2020 Boca Juniors
80%
Liga Profesional 2021 River Plate
80%
Superliga 2018/19 Racing Club
78%
Primera División 2015 Boca Juniors
76%
Final 2014 River Plate
76%
Copa de la Liga 2023 Rosario Central
73%
Copa de la Liga 2021 Colón de Santa Fé
71%
Primera División 2016 Lanús
71%
Primera División 2014 Racing Club
71%
Final 2013 Newell's Old Boys
67%
Inicial 2012 Vélez Sarsfield
67%
Inicial 2013 San Lorenzo
64%
Apertura 2011 Boca Juniors
62%
Apertura 2010 Estudiantes de la Plata
56%
Clausura 2011 Vélez Sarsfield
56%
Apertura 2008 Boca Juniors
53%
Clausura 2006 Boca Juniors
53%
Clausura 2008 River Plate
53%
Clausura 2012 Arsenal de Sarandí
51%
Apertura 2009 Banfield
51%
Apertura 2005 Boca Juniors
49%
Apertura 2003 Boca Juniors
49%
Apertura 2000 Boca Juniors
49%
Clausura 2004 River Plate
49%
Clausura 2003 River Plate
49%
Clausura 2009 Vélez Sarsfield
47%
Clausura 2010 Argentinos Juniors
44%
Clausura 1999 Boca Juniors
44%
Clausura 2002 River Plate
44%
Clausura 2000 River Plate
44%
Apertura 1997 River Plate
44%
Clausura 1997 River Plate
44%
Apertura 1996 River Plate
44%
Apertura 1998 Boca Juniors
42%
Apertura 2006 Estudiantes de la Plata
42%
Apertura 2007 Lanús
42%
Apertura 1999 River Plate
42%
Apertura 1994 River Plate
42%
Apertura 2002 Independiente
40%
Apertura 2004 Newell's Old Boys
40%
Clausura 2005 Vélez Sarsfield
40%
Clausura 1998 Vélez Sarsfield
40%
Clausura 1996 Vélez Sarsfield
40%
Apertura 2001 Racing Club
38%
Clausura 2001 San Lorenzo
38%
Apertura 1992 Boca Juniors
36%
Apertura 1993 River Plate
36%
Clausura 2007 San Lorenzo
36%
Apertura 1995 Vélez Sarsfield
36%
Clausura 1994 Independiente
33%
Apertura 1991 River Plate
33%
Clausura 1995 San Lorenzo
33%
Clausura 1993 Vélez Sarsfield
33%
Clausura 1991 Boca Juniors
31%
Primera División 1931 Boca Juniors
31%
Primera División 1985/86 River Plate
31%
Metropolitano 1981 Boca Juniors
29%
Nacional 1976 Boca Juniors
29%
Clausura 1992 Newell's Old Boys
29%
Primera División 1989/90 River Plate
29%
Nacional 1981 River Plate
29%
Nacional 1975 River Plate
29%
Primera División 1932 River Plate
29%
Metropolitano 1976 Boca Juniors
27%
Metropolitano 1980 River Plate
27%
Metropolitano 1975 River Plate
27%
Nacional 1983 Estudiantes de la Plata
24%
Nacional 1982 Ferro Carril Oeste
24%
Nacional 1979 River Plate
24%
Metropolitano 1979 River Plate
24%
Metropolitano 1977 River Plate
24%
Primera División 1986/87 Rosario Central
24%
Primera División 1965 Boca Juniors
22%
Primera División 1964 Boca Juniors
22%
Primera División 1962 Boca Juniors
22%
Primera División 1944 Boca Juniors
22%
Primera División 1940 Boca Juniors
22%
Primera División 1935 Boca Juniors
22%
Metropolitano 1982 Estudiantes de la Plata
22%
Nacional 1984 Ferro Carril Oeste
22%
Primera División 1988/89 Independiente
22%
Apertura 1990 Newell's Old Boys
22%
Primera División 1956 River Plate
22%
Primera División 1947 River Plate
22%
Primera División 1945 River Plate
22%
Primera División 1942 River Plate
22%
Primera División 1941 River Plate
22%
Primera División 1937 River Plate
22%
Nacional 1985 Argentinos Juniors
20%
Nacional 1970 Boca Juniors
20%
Primera División 1954 Boca Juniors
20%
Primera División 1943 Boca Juniors
20%
Primera División 1934 Boca Juniors
20%
Metropolitano 1973 Huracán
20%
Nacional 1977 Independiente
20%
Primera División 1987/88 Newell's Old Boys
20%
Primera División 1966 Racing Club
20%
Primera División 1957 River Plate
20%
Primera División 1955 River Plate
20%
Nacional 1969 Boca Juniors
18%
Metropolitano 1967 Estudiantes de la Plata
18%
Metropolitano 1983 Independiente
18%
Nacional 1978 Independiente
18%
Nacional 1967 Independiente
18%
Metropolitano 1974 Newell's Old Boys
18%
Metropolitano 1978 Quilmes
18%
Primera División 1958 Racing Club
18%
Primera División 1953 River Plate
18%
Copa Campeonato 1936 River Plate
18%
Nacional 1971 Rosario Central
18%
Metropolitano 1971 Independiente
16%
Metropolitano 1970 Independiente
16%
Primera División 1963 Independiente
16%
Primera División 1960 Independiente
16%
Primera División 1939 Independiente
16%
Primera División 1938 Independiente
16%
Primera División 1961 Racing Club
16%
Primera División 1951 Racing Club
16%
Primera División 1950 Racing Club
16%
Primera División 1949 Racing Club
16%
Primera División 1952 River Plate
16%
Nacional 1980 Rosario Central
16%
Copa de Honor 1936 San Lorenzo
16%
Primera División 1933 San Lorenzo
16%
Nacional 1968 Vélez Sarsfield
16%
Metropolitano 1969 Chacarita Juniors
13%
Primera División 1948 Independiente
13%
Nacional 1973 Rosario Central
13%
Nacional 1974 San Lorenzo
13%
Nacional 1972 San Lorenzo
13%
Metropolitano 1972 San Lorenzo
13%
Metropolitano 1968 San Lorenzo
13%
Primera División 1959 San Lorenzo
13%
Primera División 1946 San Lorenzo
11%
Metropolitano 1984 Argentinos Juniors
9%
No se encontraron pruebas coincidentes
Distribución de puntuación
Porcentaje de gente con cada puntuación
Porcentaje por número respondido
Historial de tus puntuaciones
No has intentado esta prueba.